000
00299nam a2200121 a 4500
005
20140414132114.0
008
110824s19uu xx 00 eng d
050
_a
ER
_b
M11 1994
100
_a
Maccarone, Grace
245
_a
Pizza Party.
260
_a
New York :
_b
Scholastic,
_c
1994.
999
_c
114867
_d
114867